00515nam a2200157Ia 4500008004100000020002200041050001900063245006100082250001100143260002300154300002000177500007200197504002700269650002700296700003400323120626s9999 xx 000 0 und d a978-968-24-7570-2 aHM251 P67 2006 aPsicología social / José Miguel Salazar ... [et al.] a3a ed. aMéxico : Trillas a427 p. ; 23 cm. aEducción Mixta Psicología PODER Y AUTORIDAD B16 (06 002640) aIncluye bibliografía a1. Psicología social a\Salazar, José Miguel Ì